000 00325 a2200157 4500
001 68113
020 _a9783195017817
040 _cAnchieta - Pituba
100 _aKopp, Gabriele
240 1 0 _aDabei! A2.2
_ldeu / ger
245 1 0 _aDabei! A2.2
300 _a90
362 0 _a2020
650 4 _aLíngua alemã
942 _cBK
999 _c68113
_d68113